LEADER 01260nam--2200373---450 001 990005862460203316 005 20210205112315.0 010 $a978-88-8450-392-3 035 $a000586246 035 $aUSA01000586246 035 $a(ALEPH)000586246USA01 035 $a000586246 100 $a20130625d2010----km-y0itay50------ba 101 0 $afre$aeng$ager 102 $aIT 105 $aa---||||001yy 200 1 $aChasses aux sorcières et dèmonologie$eentre discours et pratiques (XIV-XVII siècles)$ftextes rèunis par Martine Ostorero, Georg Modestin et Kathrin Utz Tremp 210 $aFirenze$cSismel Edizioni del Galluzzo$d2010 215 $aXXVII, 447 p.$cill.$d21 cm 225 2 $aMicrologus? library$v36 300 $aParte delle relazioni presentate al Convegno tenuto a Losanna nel 2008 410 0$12001$aMicrologus? library$v36 606 0 $aStreghe$xProcesso$zSec. 14.-17.$2BNCF 676 $a940.19 702 1$aOSTORERO,$bMartine 702 2$aMODESTIN,$bGeorg 702 2$aUTZ TREMP,$bKathrin 801 0$aIT$bsalbc$gISBD 912 $a990005862460203316 951 $aX.2.B. 2232$b240813 L.M.$cX.2.B.$d00319804 959 $aBK 969 $aUMA 996 $aChasses aux sorcières et dèmonologie$9839561 997 $aUNISA LEADER 03473 am 2200577 n 450 001 9910495754203321 005 20240104030501.0 010 $a2-7535-6038-2 024 7 $a10.4000/books.pur.88593 035 $a(CKB)4100000008351115 035 $a(FrMaCLE)OB-pur-88593 035 $a(PPN)236940899 035 $a(EXLCZ)994100000008351115 100 $a20190603j|||||||| ||| 0 101 0 $afre 135 $auu||||||m|||| 200 00$aClasser les archives et les bibliothèques$eMise en ordre et raisons classificatoires$fVéronique Sarrazin, Patrice Marcilloux, Bénédicte Grailles, Valérie Neveu 210 $aRennes$cPresses universitaires de Rennes$d2019 215 $a1 online resource (246 p.) 311 $a2-7535-4063-2 330 $aComment les méthodes de classement des fonds et collections documentaires ont-elles évolué dans le temps ? Selon quelle chronologie ? D'une manière autonome ou sous l'effet d'influences exogènes ? Comment les professionnels accueillent-ils les innovations, voire les modes ? Comment réagissent-ils aux éventuelles concurrences entre systèmes ou, inversement, au consensus dominant ? Leurs choix techniques sont-ils imperméables aux idéologies ou croyances ? Les taxinomies générales ont-elles un impact ? S'il existe des modèles, comment se diffusent-ils ? Quelle est la force des injonctions étatiques ou des prescriptions doctrinales ? Aujourd'hui, à l'ère du Web sémantique et des nouveaux langages documentaires, les logiques classificatoires sont-elles définitivement obsolètes ? Ces questions sont ici explorées sur le temps long, du Moyen Âge à nos jours, et de manière transversale, à la fois dans les bibliothèques et en archives. Outils de combat parfois, stables le plus souvent, échappant aux évidences chronologiques, continûment tendues entre nécessités d'un ordre physique et désir d'un agencement intellectuel, les pratiques de classement demeurent solidement installées au c?ur des identités professionnelles des archivistes et des bibliothécaires. Composantes essentielles de leur professionnalité, elles tissent des communautés intertextuelles à partir des collections de livres et fonds d'archives rassemblés en un même lieu, les rendant non seulement exploitables, mais surtout leur conférant élaboration et statut. 606 $aHistory 606 $aInformation Science & Library Science 606 $améthodologie 606 $aarchives 606 $abibliothèque 606 $aclassification 615 4$aHistory 615 4$aInformation Science & Library Science 615 4$améthodologie 615 4$aarchives 615 4$abibliothèque 615 4$aclassification 700 $aBarret$b Sébastien$01318999 701 $aBlima-Barru$b Martine Sin$01454203 701 $aDeuff$b Olivier Le$01454204 701 $aGandon$b Fabien L$01454205 701 $aGrailles$b Bénédicte$01288438 701 $aLatour$b Patrick$01454120 701 $aLauvernier$b Julie$01454206 701 $aMarcilloux$b Patrice$01283615 701 $aNeveu$b Valérie$01276433 701 $aNougaret$b Christine$01284960 701 $aPassant$b Alexandre$0619631 701 $aSarrazin$b Véronique$01281951 701 $aTirard$b Stéphane$01332585 801 0$bFR-FrMaCLE 906 $aBOOK 912 $a9910495754203321 996 $aClasser les archives et les bibliothèques$93656847 997 $aUNINA LEADER 02326nas 2200769- 450 001 9910145557903321 005 20241204162105.0 011 $a1367-4811 035 $a(OCoLC)39184474 035 $a(CKB)954925620164 035 $a(CONSER)---00238384- 035 $a(DE-599)ZDB1468345-3 035 $a(EXLCZ)99954925620164 100 $a19980527a19989999 s-- - 101 0 $aeng 135 $aurmnu|||||||| 181 $ctxt$2rdacontent 182 $cc$2rdamedia 183 $acr$2rdacarrier 200 10$aBioinformatics 210 1$aOxford :$cOxford University Press,$d1998- 215 $a1 online resource (volumes) 300 $aRefereed/Peer-reviewed 311 08$a1367-4803 517 3 $aBioinformatics online 531 $aBIOINFORMAT 531 $aBIOINFORMATICS OXFORD 531 $aLECT NOTES COMPUT SC 531 $aMETHOD BIOCHEM ANAL 531 $aBIOINFORMATICS (OXF) 531 $aBIOINFORMATICS 531 0 $aBioinformatics 606 $aBioinformatics$vPeriodicals 606 $aLife sciences$xData processing$vPeriodicals 606 $aGenomes$xData processing$vPeriodicals 606 $aComputational Biology 606 $aGenome 606 $aSciences de la vie$xInformatique$vPériodiques 606 $aGénomes$xInformatique$vPériodiques 606 $aBio-informatique 606 $aGénomes 606 $aGenomes$xData processing$2fast$3(OCoLC)fst00940226 606 $aLife sciences$xData processing$2fast$3(OCoLC)fst00998329 606 $aBiologie$2gtt 606 $aInformatietechnologie$2gtt 608 $aPeriodical. 608 $aPeriodicals.$2fast 608 $aPeriodicals.$2lcgft 615 0$aBioinformatics 615 0$aLife sciences$xData processing 615 0$aGenomes$xData processing 615 2$aComputational Biology. 615 2$aGenome. 615 6$aSciences de la vie$xInformatique 615 6$aGénomes$xInformatique 615 6$aBio-informatique. 615 6$aGénomes. 615 7$aGenomes$xData processing. 615 7$aLife sciences$xData processing. 615 7$aBiologie. 615 7$aInformatietechnologie. 676 $a570.285 712 02$aOxford University Press, 906 $aJOURNAL 912 $a9910145557903321 996 $aBioinformatics$9377951 997 $aUNINA